000 03749nkm a2200589 4500
001 RU\NLR\BIBL_A\022031043
005 20260408082518.0
035 _a(NLR Aleph) 022031043
071 5 0 _a642
_d50 к.
_95000
090 _a13317350
_c13317350
100 _a20230919d1942 u y0rusy50 ca
101 0 _arus
102 _aRU
116 _afiybxx xx ae
135 _acrcn 024anaba
181 0 _ab4
_bxb2e
182 0 _an
200 1 _aТорпедный катер вышел на выполнение боевого задания
_eпочтовая карточка
203 _aИзображение
_bнеподвижное
_bдвухмерное
_bвизуальное
_cнепосредственное
210 _aМосква
_cГоскиноиздат
_d[1942
_eМосква]
_gТип. 1-й ф-ки фотопечати Госкиноиздата
215 _a1 л.
_cфотография
_d9,5х14,5
225 1 _aСерия "В действующем флоте"
225 1 _aЧерноморцы
300 _aДата издания установлена по: Летопись изобразительного искусства Великой Отечественной войны. 1943. № 2-3. № 1020
300 _aНа адрес. стороне изд. марка: "Госкиноиздат"
300 _aЦенз. разрешение: Л 49595
301 _aИзд. номер: № 642. Был использован для нескольких открыток данной серии, различающихся заглавиями и изображениями
325 _aКопия доступна в Электрон. б-ке РНБ
540 1 _aВ действующем флоте
601 0 2 _aЧерноморский флот
_jОткрытки
_xБоевые действия
_z1941 - 1945
_92416564
_3RU\NLR\AUTH\661439431
606 1 _aПочтовые открытки маркированные художественные
_yСССР
_z1941 - 1945
_92592287
_3RU\NLR\AUTH\661531868
606 1 _aФотографические открытки
_92151039
_3RU\NLR\AUTH\661600135
606 1 _aВеликая Отечественная война
_jОткрытки
_xМорские операции
_xЧерное море
_z1941 - 1945
_9965241
_3RU\NLR\AUTH\6642222
606 1 _aТорпедные катера советские
_jОткрытки
_xБоевые действия
_z1941 - 1945
_92571797
_3RU\NLR\AUTH\6601732172
686 1 _aЩ153(2)7-489
712 0 1 _4570
_aСССР
_bВоенно-морской флот
_3RU\NLR\AUTH\8810144476
_9783409
712 0 2 _4570
_aЧерноморский флот
_3RU\NLR\AUTH\8810028175
_9554866
712 0 2 _4650
_aГосударственное издательство литературы по вопросам кино
_3RU\NLR\AUTH\8810148557
_9791684
712 0 2 _4410
_aГосударственное издательство литературы по вопросам кино
_bФабрика фотопечати
_bТипография
_c1; Москва
_9861774
_3RU\NLR\AUTH\880598379
852 0 0 _aNLR
_bЭ
_jОИр995/40
_mЭ033989
856 0 _uhttps://vivaldi.nlr.ru/lo500003213/view
856 1 _uhttps://vivaldi.nlr.ru/lo500003213/cover
856 2 _uhttps://vivaldi.nlr.ru/lo500003213/text
942 _cVISUAL
945 _aРоссийская национальная библиотека
980 _aBV
980 _aNB
981 1 7 _a(17) Изографические материалы
_b(17) Открытки